<?xml version="1.0" encoding="UTF-8"?>
<marc:record xmlns:marc="http://www.loc.gov/MARC21/slim" type="Bibliographic">
   <marc:leader>00000nam a2200000 c 4500</marc:leader>
   <marc:controlfield tag="001">949003670</marc:controlfield>
   <marc:controlfield tag="003">DE-101</marc:controlfield>
   <marc:controlfield tag="005">20180214003349.0</marc:controlfield>
   <marc:controlfield tag="007">tu</marc:controlfield>
   <marc:controlfield tag="008">961106s1996    au ||||| |||| 00||||ger  </marc:controlfield>
   <marc:datafield ind1=" " ind2=" " tag="015">
      <marc:subfield code="a">97,A01,1355</marc:subfield>
      <marc:subfield code="2">dnb</marc:subfield>
   </marc:datafield>
   <marc:datafield ind1="7" ind2=" " tag="016">
      <marc:subfield code="2">DE-101</marc:subfield>
      <marc:subfield code="a">949003670</marc:subfield>
   </marc:datafield>
   <marc:datafield ind1=" " ind2=" " tag="020">
      <marc:subfield code="a">9783623008356 (Perthes)</marc:subfield>
      <marc:subfield code="c"> Gewebe : DM 89.00</marc:subfield>
      <marc:subfield code="9">978-3-623-00835-6</marc:subfield>
   </marc:datafield>
   <marc:datafield ind1=" " ind2=" " tag="020">
      <marc:subfield code="a">3623008354 (Perthes)</marc:subfield>
      <marc:subfield code="c"> Gewebe : DM 89.00</marc:subfield>
      <marc:subfield code="9">3-623-00835-4</marc:subfield>
   </marc:datafield>
   <marc:datafield ind1=" " ind2=" " tag="020">
      <marc:subfield code="a">9783950030501</marc:subfield>
      <marc:subfield code="c">Gewebe : DM 89.00</marc:subfield>
      <marc:subfield code="9">978-3-9500305-0-1</marc:subfield>
   </marc:datafield>
   <marc:datafield ind1=" " ind2=" " tag="020">
      <marc:subfield code="a">3950030506</marc:subfield>
      <marc:subfield code="c">Gewebe : DM 89.00</marc:subfield>
      <marc:subfield code="9">3-9500305-0-6</marc:subfield>
   </marc:datafield>
   <marc:datafield ind1=" " ind2=" " tag="035">
      <marc:subfield code="a">(DE-599)DNB949003670</marc:subfield>
   </marc:datafield>
   <marc:datafield ind1=" " ind2=" " tag="035">
      <marc:subfield code="a">(OCoLC)75841584</marc:subfield>
   </marc:datafield>
   <marc:datafield ind1=" " ind2=" " tag="040">
      <marc:subfield code="a">1140</marc:subfield>
      <marc:subfield code="b">ger</marc:subfield>
      <marc:subfield code="c">DE-101</marc:subfield>
      <marc:subfield code="d">9999</marc:subfield>
   </marc:datafield>
   <marc:datafield ind1=" " ind2=" " tag="041">
      <marc:subfield code="a">ger</marc:subfield>
   </marc:datafield>
   <marc:datafield ind1=" " ind2=" " tag="043">
      <marc:subfield code="c">XE</marc:subfield>
      <marc:subfield code="c">XL</marc:subfield>
   </marc:datafield>
   <marc:datafield ind1=" " ind2=" " tag="044">
      <marc:subfield code="c">XA-AT</marc:subfield>
   </marc:datafield>
   <marc:datafield ind1=" " ind2=" " tag="084">
      <marc:subfield code="a">61</marc:subfield>
      <marc:subfield code="a">900</marc:subfield>
      <marc:subfield code="a">910</marc:subfield>
      <marc:subfield code="a">914.3</marc:subfield>
      <marc:subfield code="q">DE-101</marc:subfield>
      <marc:subfield code="2">sdnb</marc:subfield>
   </marc:datafield>
   <marc:datafield ind1=" " ind2=" " tag="084">
      <marc:subfield code="a">19.1a</marc:subfield>
      <marc:subfield code="a">19.1a</marc:subfield>
      <marc:subfield code="q">DE-101</marc:subfield>
      <marc:subfield code="2">sswd</marc:subfield>
   </marc:datafield>
   <marc:datafield ind1=" " ind2=" " tag="090">
      <marc:subfield code="a">b</marc:subfield>
   </marc:datafield>
   <marc:datafield ind1="1" ind2=" " tag="100">
      <marc:subfield code="0">(DE-588)118504088</marc:subfield>
      <marc:subfield code="0">http://d-nb.info/gnd/118504088</marc:subfield>
      <marc:subfield code="0">(DE-101)118504088</marc:subfield>
      <marc:subfield code="a">Arnberger, Erik</marc:subfield>
      <marc:subfield code="d">1917-1987</marc:subfield>
      <marc:subfield code="e">Verfasser</marc:subfield>
      <marc:subfield code="4">aut</marc:subfield>
   </marc:datafield>
   <marc:datafield ind1="0" ind2="0" tag="245">
      <marc:subfield code="a">&#x98;Die&#x9c; tropischen Inseln des Indischen und Pazifischen Ozeans</marc:subfield>
      <marc:subfield code="b">mit 40 Tabellen</marc:subfield>
      <marc:subfield code="c">Erik und Hertha Arnberger. Hrsg. in Verbindung mit dem Institut für Kartographie der Österreichischen Akademie der Wissenschaften</marc:subfield>
   </marc:datafield>
   <marc:datafield ind1=" " ind2="1" tag="264">
      <marc:subfield code="a">[Gotha]</marc:subfield>
      <marc:subfield code="b">[Perthes]</marc:subfield>
      <marc:subfield code="c">[1996]</marc:subfield>
   </marc:datafield>
   <marc:datafield ind1=" " ind2=" " tag="300">
      <marc:subfield code="a">481, 96 S.</marc:subfield>
      <marc:subfield code="b">Ill., graph. Darst., Kt.</marc:subfield>
      <marc:subfield code="c">25 cm</marc:subfield>
   </marc:datafield>
   <marc:datafield ind1=" " ind2=" " tag="336">
      <marc:subfield code="a">Text</marc:subfield>
      <marc:subfield code="b">txt</marc:subfield>
      <marc:subfield code="2">rdacontent</marc:subfield>
   </marc:datafield>
   <marc:datafield ind1=" " ind2=" " tag="337">
      <marc:subfield code="a">ohne Hilfsmittel zu benutzen</marc:subfield>
      <marc:subfield code="b">n</marc:subfield>
      <marc:subfield code="2">rdamedia</marc:subfield>
   </marc:datafield>
   <marc:datafield ind1=" " ind2=" " tag="338">
      <marc:subfield code="a">Band</marc:subfield>
      <marc:subfield code="b">nc</marc:subfield>
      <marc:subfield code="2">rdacarrier</marc:subfield>
   </marc:datafield>
   <marc:datafield ind1=" " ind2=" " tag="500">
      <marc:subfield code="a">Literaturverz. S. 419 - 453</marc:subfield>
   </marc:datafield>
   <marc:datafield ind1=" " ind2="7" tag="650">
      <marc:subfield code="0">(DE-588)4020216-1</marc:subfield>
      <marc:subfield code="0">http://d-nb.info/gnd/4020216-1</marc:subfield>
      <marc:subfield code="0">(DE-101)04020216X</marc:subfield>
      <marc:subfield code="a">Geografie</marc:subfield>
      <marc:subfield code="2">gnd</marc:subfield>
   </marc:datafield>
   <marc:datafield ind1=" " ind2="7" tag="650">
      <marc:subfield code="0">(DE-588)4128227-9</marc:subfield>
      <marc:subfield code="0">http://d-nb.info/gnd/4128227-9</marc:subfield>
      <marc:subfield code="0">(DE-101)041282272</marc:subfield>
      <marc:subfield code="a">Insel</marc:subfield>
      <marc:subfield code="2">gnd</marc:subfield>
   </marc:datafield>
   <marc:datafield ind1=" " ind2="7" tag="650">
      <marc:subfield code="0">(DE-588)4020216-1</marc:subfield>
      <marc:subfield code="0">http://d-nb.info/gnd/4020216-1</marc:subfield>
      <marc:subfield code="0">(DE-101)04020216X</marc:subfield>
      <marc:subfield code="a">Geografie</marc:subfield>
      <marc:subfield code="2">gnd</marc:subfield>
   </marc:datafield>
   <marc:datafield ind1=" " ind2="7" tag="651">
      <marc:subfield code="0">(DE-588)4044257-3</marc:subfield>
      <marc:subfield code="0">http://d-nb.info/gnd/4044257-3</marc:subfield>
      <marc:subfield code="0">(DE-101)040442578</marc:subfield>
      <marc:subfield code="a">Ozeanien</marc:subfield>
      <marc:subfield code="2">gnd</marc:subfield>
   </marc:datafield>
   <marc:datafield ind1=" " ind2="7" tag="651">
      <marc:subfield code="0">(DE-588)4026737-4</marc:subfield>
      <marc:subfield code="0">http://d-nb.info/gnd/4026737-4</marc:subfield>
      <marc:subfield code="0">(DE-101)040267377</marc:subfield>
      <marc:subfield code="a">Indischer Ozean</marc:subfield>
      <marc:subfield code="2">gnd</marc:subfield>
   </marc:datafield>
   <marc:datafield ind1="0" ind2="0" tag="689">
      <marc:subfield code="0">(DE-588)4044257-3</marc:subfield>
      <marc:subfield code="0">http://d-nb.info/gnd/4044257-3</marc:subfield>
      <marc:subfield code="0">(DE-101)040442578</marc:subfield>
      <marc:subfield code="D">g</marc:subfield>
      <marc:subfield code="a">Ozeanien</marc:subfield>
   </marc:datafield>
   <marc:datafield ind1="0" ind2="1" tag="689">
      <marc:subfield code="0">(DE-588)4020216-1</marc:subfield>
      <marc:subfield code="0">http://d-nb.info/gnd/4020216-1</marc:subfield>
      <marc:subfield code="0">(DE-101)04020216X</marc:subfield>
      <marc:subfield code="D">s</marc:subfield>
      <marc:subfield code="a">Geografie</marc:subfield>
   </marc:datafield>
   <marc:datafield ind1="0" ind2=" " tag="689">
      <marc:subfield code="5">DE-101</marc:subfield>
      <marc:subfield code="5">DE-101</marc:subfield>
   </marc:datafield>
   <marc:datafield ind1="1" ind2="0" tag="689">
      <marc:subfield code="0">(DE-588)4026737-4</marc:subfield>
      <marc:subfield code="0">http://d-nb.info/gnd/4026737-4</marc:subfield>
      <marc:subfield code="0">(DE-101)040267377</marc:subfield>
      <marc:subfield code="D">g</marc:subfield>
      <marc:subfield code="a">Indischer Ozean</marc:subfield>
   </marc:datafield>
   <marc:datafield ind1="1" ind2="1" tag="689">
      <marc:subfield code="0">(DE-588)4128227-9</marc:subfield>
      <marc:subfield code="0">http://d-nb.info/gnd/4128227-9</marc:subfield>
      <marc:subfield code="0">(DE-101)041282272</marc:subfield>
      <marc:subfield code="D">s</marc:subfield>
      <marc:subfield code="a">Insel</marc:subfield>
   </marc:datafield>
   <marc:datafield ind1="1" ind2="2" tag="689">
      <marc:subfield code="0">(DE-588)4020216-1</marc:subfield>
      <marc:subfield code="0">http://d-nb.info/gnd/4020216-1</marc:subfield>
      <marc:subfield code="0">(DE-101)04020216X</marc:subfield>
      <marc:subfield code="D">s</marc:subfield>
      <marc:subfield code="a">Geografie</marc:subfield>
   </marc:datafield>
   <marc:datafield ind1="1" ind2=" " tag="689">
      <marc:subfield code="5">DE-101</marc:subfield>
      <marc:subfield code="5">DE-101</marc:subfield>
   </marc:datafield>
   <marc:datafield ind1="1" ind2=" " tag="700">
      <marc:subfield code="0">(DE-588)171953851</marc:subfield>
      <marc:subfield code="0">http://d-nb.info/gnd/171953851</marc:subfield>
      <marc:subfield code="0">(DE-101)171953851</marc:subfield>
      <marc:subfield code="a">Arnberger, Hertha</marc:subfield>
      <marc:subfield code="d">1920-</marc:subfield>
      <marc:subfield code="e">Verfasser</marc:subfield>
      <marc:subfield code="4">aut</marc:subfield>
   </marc:datafield>
   <marc:datafield ind1=" " ind2=" " tag="850">
      <marc:subfield code="a">DE-101a</marc:subfield>
      <marc:subfield code="a">DE-101b</marc:subfield>
   </marc:datafield>
   <marc:datafield ind1="r" ind2=" " tag="925">
      <marc:subfield code="a">ra</marc:subfield>
   </marc:datafield>
</marc:record>
